[Event "GER CupT"]
[Site "Germany"]
[Date "2023.03.11"]
[Round "3.3"]
[White "Wegerle, Joerg"]
[Black "Puth, Dieter"]
[Result "1/2-1/2"]
[WhiteElo "2409"]
[BlackElo "2186"]
[PlyCount "105"]
[EventDate "2023.01.28"]
[EventType "team-k.o."]
[EventRounds "4"]
[EventCountry "GER"]
[SourceTitle "EXT 2024"]
[Source "ChessBase"]
[SourceDate "2023.10.10"]
[SourceVersion "1"]
[SourceVersionDate "2023.10.10"]
[SourceQuality "1"]
[WhiteTeam "Solingen SG"]
[BlackTeam "Heimbach Weis/Neuwied"]
[WhiteTeamCountry "GER"]
[BlackTeamCountry "GER"]

1. d4 Nf6 2. Nf3 d5 3. c4 e6 4. Nc3 Be7 5. Bg5 0-0 6. e3 h6 7. Bxf6 Bxf6 8. Qc2 c5 9. dxc5 Qa5 10. cxd5 exd5 11. 0-0-0 Be6 12. Nd4 Qxc5 13. Bd3 Nc6 14. Nce2 Qa5 15. Kb1 Rfc8 16. Qb3 Ne5 17. Qb5 Qd8 18. f4 a6 19. Qb3 Ng4 20. Bf5 Bxf5+ 21. Nxf5 Rc5 22. Rd2 Nf2 23. Rc1 Ne4 24. Rdc2 b6 25. Qd3 a5 26. Ned4 Rac8 27. g4 a4 28. a3 Qd7 29. h3 Nd6 30. Nxd6 Qxd6 31. Nf5 Qe6 32. h4 Rxc2 33. Rxc2 Rxc2 34. Kxc2 Bd8 35. g5 hxg5 36. hxg5 g6 37. Nd4 Qh3 38. Ne2 Qf3 39. Nc3 Be7 40. Nxd5 Bc5 41. e4 Qf2+ 42. Kb1 Bd4 43. Qc2 Qf3 44. Ka2 b5 45. f5 Kh7 46. f6 Be5 47. Nc3 Qe3 48. Qg2 Bxc3 49. Qh2+ Kg8 50. Qb8+ Kh7 51. Qh2+ Kg8 52. Qb8+ Kh7 53. Qh2+ 1/2-1/2

[Event "BL2-West 2122"]
[Site "Germany"]
[Date "2022.07.03"]
[Round "10.7"]
[White "Mazarov, Juergen"]
[Black "Puth, Dieter"]
[Result "1/2-1/2"]
[WhiteElo "2125"]
[BlackElo "2227"]
[PlyCount "77"]
[EventDate "2022.03.05"]
[EventType "team-tourn"]
[EventRounds "10"]
[EventCountry "GER"]
[SourceTitle "EXT 2023"]
[Source "ChessBase"]
[SourceDate "2022.10.05"]
[SourceVersion "1"]
[SourceVersionDate "2022.10.05"]
[SourceQuality "1"]
[WhiteTeam "Bochum"]
[BlackTeam "Heimbach Weis/Neuwied"]
[WhiteTeamCountry "GER"]
[BlackTeamCountry "GER"]

1. Nf3 Nf6 2. g3 g6 3. Bg2 Bg7 4. d3 0-0 5. e4 c5 6. 0-0 Nc6 7. c3 d6 8. Re1 e5 9. a3 b5 10. h3 Bb7 11. Be3 h6 12. Nbd2 Re8 13. Qe2 a6 14. b4 cxb4 15. axb4 d5 16. Bc5 dxe4 17. Nxe4 Nxe4 18. dxe4 Bf8 19. Bxf8 Kxf8 20. Nd2 Qc7 21. Nb3 Nd8 22. Rec1 Ne6 23. c4 bxc4 24. Rxc4 Qb6 25. Nc5 Nxc5 26. bxc5 Qb5 27. Bf1 Kg7 28. Qc2 Rac8 29. Rb1 Qd7 30. Rcb4 Bc6 31. Bxa6 Qxh3 32. Bxc8 Rxc8 33. Qc3 Re8 34. Qe1 f5 35. Qf1 Qh5 36. f3 fxe4 37. fxe4 Rf8 38. Qg2 Qg4 39. Re1 1/2-1/2

[Event "BL2-West 2122"]
[Site "Germany"]
[Date "2022.05.01"]
[Round "4.8"]
[White "Puth, Dieter"]
[Black "Fish, Jonathan M"]
[Result "0-1"]
[WhiteElo "2227"]
[BlackElo "2045"]
[PlyCount "70"]
[EventDate "2022.03.05"]
[EventType "team-tourn"]
[EventRounds "10"]
[EventCountry "GER"]
[SourceTitle "EXT 2023"]
[Source "ChessBase"]
[SourceDate "2022.10.05"]
[SourceVersion "1"]
[SourceVersionDate "2022.10.05"]
[SourceQuality "1"]
[WhiteTeam "Heimbach Weis/Neuwied"]
[BlackTeam "Hofheim"]
[WhiteTeamCountry "GER"]
[BlackTeamCountry "GER"]

1. d4 Nf6 2. c4 g6 3. Nc3 d5 4. cxd5 Nxd5 5. Bd2 Bg7 6. e4 Nxc3 7. Bxc3 c5 8. d5 Bxc3+ 9. bxc3 Nd7 10. Bd3 Qa5 11. Qd2 Ne5 12. Be2 c4 13. f4 Nd3+ 14. Bxd3 cxd3 15. Nf3 f5 16. c4 Qc5 17. Qxd3 fxe4 18. Qxe4 0-0 19. Rc1 Bg4 20. Ne5 Qb4+ 21. Kf2 g5 22. Nxg4 Rxf4+ 23. Qxf4 gxf4 24. Rhe1 Rc8 25. Nh6+ Kf8 26. Nf5 e6 27. Nh4 exd5 28. Nf3 Rxc4 29. Rcd1 Qc5+ 30. Kf1 Rc2 31. Nd4 Qc4+ 32. Kg1 Rxa2 33. Rf1 Qc3 34. Rxf4+ Ke8 35. Nf3 Qe3+ 0-1

[Event "Oberliga Sued W 1920"]
[Site "Germany"]
[Date "2020.03.01"]
[Round "7.5"]
[White "Puth, Dieter"]
[Black "Hoffmann, Thomas"]
[Result "1-0"]
[WhiteElo "2213"]
[BlackElo "2025"]
[PlyCount "95"]
[EventDate "2019.09.29"]
[EventType "team-tourn"]
[EventRounds "9"]
[EventCountry "GER"]
[SourceTitle "EXT 2021"]
[Source "ChessBase"]
[SourceDate "2020.10.23"]
[SourceVersion "1"]
[SourceVersionDate "2020.10.23"]
[SourceQuality "1"]

1. d4 d6 2. e4 g6 3. c4 Bg7 4. Nc3 Nf6 5. f3 c6 6. Be3 0-0 7. Bd3 e5 8. d5 Qa5 9. Qd2 cxd5 10. cxd5 Nbd7 11. Nge2 Nc5 12. Bc2 a6 13. a3 Qd8 14. b4 Ncd7 15. a4 Nh5 16. 0-0 f5 17. exf5 gxf5 18. Bxf5 Rxf5 19. g4 Rf8 20. gxh5 Qh4 21. h6 Bf6 22. Ne4 Be7 23. N2g3 Nf6 24. Nxf6+ Bxf6 25. Kh1 Bh3 26. Rg1 Kh8 27. Ne4 Qh5 28. Rg3 Be7 29. Bg5 Bxg5 30. Qxg5 Qxg5 31. Nxg5 Bd7 32. Ne4 Rad8 33. Nxd6 b5 34. Nb7 Rde8 35. Nd6 Rd8 36. Nb7 Rb8 37. Nc5 Rbd8 38. Rg7 Bf5 39. axb5 axb5 40. Ne6 e4 41. Nxd8 Rxd8 42. Rga7 exf3 43. Ra8 Rg8 44. Rxg8+ Kxg8 45. Kg1 Kf7 46. Kf2 Be4 47. d6 Ke6 48. Re1 1-0

[Event "Oberliga Sued W 1920"]
[Site "Germany"]
[Date "2019.10.20"]
[Round "2.6"]
[White "Bruch, Jochen"]
[Black "Puth, Dieter"]
[Result "1/2-1/2"]
[WhiteElo "2190"]
[BlackElo "2213"]
[PlyCount "41"]
[EventDate "2019.09.29"]
[EventType "team-tourn"]
[EventRounds "9"]
[EventCountry "GER"]
[SourceTitle "EXT 2021"]
[Source "ChessBase"]
[SourceDate "2020.10.23"]
[SourceVersion "1"]
[SourceVersionDate "2020.10.23"]
[SourceQuality "1"]

1. c4 c5 2. Nf3 Nf6 3. g3 g6 4. Bg2 Bg7 5. 0-0 0-0 6. Nc3 Nc6 7. a3 a6 8. Rb1 Rb8 9. b4 cxb4 10. axb4 b5 11. cxb5 axb5 12. d4 d5 13. Bf4 Rb6 14. Ne5 Bf5 15. Rb3 Ne4 16. g4 Nxc3 17. Rxc3 Bd7 18. Bxd5 Nxe5 19. Bxe5 Bxe5 20. dxe5 Bxg4 21. Re3 1/2-1/2

[Event "Oberliga Sued W 1819"]
[Site "Germany"]
[Date "2019.04.07"]
[Round "9.4"]
[White "Puth, Dieter"]
[Black "Forthoffer, Patrick"]
[Result "1-0"]
[WhiteElo "2228"]
[BlackElo "2193"]
[PlyCount "75"]
[EventDate "2018.10.21"]
[EventType "team-tourn"]
[EventRounds "9"]
[EventCountry "GER"]
[SourceTitle "EXT 2020"]
[Source "ChessBase"]
[SourceDate "2019.10.17"]
[SourceVersion "1"]
[SourceVersionDate "2019.10.17"]
[SourceQuality "1"]
[WhiteTeam "Heimbach Weis/Neuwied"]
[BlackTeam "Saarbruecken Gambit"]
[WhiteTeamCountry "GER"]
[BlackTeamCountry "GER"]

1. d4 f5 2. g3 Nf6 3. Bg2 e6 4. Nf3 Be7 5. 0-0 0-0 6. c4 d5 7. Nc3 Nbd7 8. Qd3 c6 9. cxd5 exd5 10. Bg5 h6 11. Bf4 Ne4 12. Ne5 g5 13. Nxd7 Bxd7 14. Be5 Nd6 15. f3 Nc4 16. e4 Be6 17. exd5 Nxe5 18. dxe5 Bxd5 19. Nxd5 Qxd5 20. Qxd5+ cxd5 21. f4 Rad8 22. Rfd1 Bc5+ 23. Kf1 gxf4 24. gxf4 d4 25. Bxb7 Kf7 26. Rac1 Bb6 27. Ke2 Rg8 28. Bf3 Ke7 29. Rc6 h5 30. Kd3 Rc8 31. Rxc8 Rxc8 32. Rg1 h4 33. Rg7+ Ke6 34. Bb7 Rc5 35. Rh7 Ra5 36. a3 h3 37. Bc8+ Kd5 38. Rh6 1-0

[Event "Oberliga Sued W 1819"]
[Site "Germany"]
[Date "2019.02.03"]
[Round "6.4"]
[White "Weller, Manuel"]
[Black "Puth, Dieter"]
[Result "0-1"]
[WhiteElo "2232"]
[BlackElo "2228"]
[PlyCount "74"]
[EventDate "2018.10.21"]
[EventType "team-tourn"]
[EventRounds "9"]
[EventCountry "GER"]
[SourceTitle "EXT 2020"]
[Source "ChessBase"]
[SourceDate "2019.10.17"]
[SourceVersion "1"]
[SourceVersionDate "2019.10.17"]
[SourceQuality "1"]
[WhiteTeam "Schwarzenbach Caissa"]
[BlackTeam "Heimbach Weis/Neuwied"]
[WhiteTeamCountry "GER"]
[BlackTeamCountry "GER"]

1. c4 c5 2. Nc3 Nc6 3. g3 g6 4. Bg2 Bg7 5. a3 a6 6. Rb1 Rb8 7. b4 cxb4 8. axb4 b5 9. cxb5 axb5 10. e3 e6 11. Nge2 Nge7 12. 0-0 0-0 13. d4 d5 14. Nf4 Nf5 15. Nd3 Nd6 16. Nc5 Nc4 17. Qe2 Bd7 18. Bd2 Qe7 19. Rfc1 Kh8 20. Be1 Be8 21. Nd1 f5 22. Nb2 g5 23. Nxc4 dxc4 24. Ra1 f4 25. Ra6 Rc8 26. Bh3 fxe3 27. fxe3 Nxd4 28. exd4 Bxd4+ 29. Kh1 Rxc5 30. bxc5 Qb7+ 31. Bg2 Qxa6 32. Qe4 Rf1+ 33. Bxf1 Bc6 34. Bg2 Bxe4 35. Bxe4 Qa3 36. c6 Qxc1 37. c7 Qxe1+ 0-1

[Event "Rheinland Pfalz op 10th"]
[Site "Nickenich"]
[Date "2018.05.31"]
[Round "1"]
[White "Weber, Andreas"]
[Black "Puth, Dieter"]
[Result "0-1"]
[WhiteElo "1714"]
[BlackElo "2257"]
[PlyCount "56"]
[EventDate "2018.05.31"]
[EventType "swiss"]
[EventRounds "7"]
[EventCountry "GER"]
[SourceTitle "CBM 184 Extra"]
[Source "ChessBase"]
[SourceDate "2018.06.28"]
[SourceVersion "1"]
[SourceVersionDate "2018.06.28"]
[SourceQuality "1"]

1. e4 e5 2. f4 d5 3. exd5 exf4 4. Nf3 Nf6 5. Bb5+ c6 6. dxc6 Nxc6 7. d4 Bd6 8. 0-0 0-0 9. c3 Bg4 10. Qc2 Rc8 11. Bxc6 bxc6 12. Ne5 c5 13. Nxg4 Nxg4 14. Bxf4 cxd4 15. Qe2 h5 16. h3 Ne3 17. Bxe3 dxe3 18. Qxh5 Qe7 19. Re1 Rc5 20. Qf3 Qe5 21. g3 Qe6 22. Nd2 Re8 23. Nb3 Rg5 24. g4 f5 25. Nd4 Qe5 26. Qxf5 Rf8 27. Rad1 Qh2+ 28. Kf1 Rfxf5+ 0-1

[Event "SVR-ch MT-A"]
[Site "Heimbach Weis"]
[Date "2017.04.13"]
[Round "6"]
[White "Puth, Dieter"]
[Black "Fink, Christian"]
[Result "0-1"]
[WhiteElo "2268"]
[BlackElo "2108"]
[PlyCount "88"]
[EventDate "2017.04.07"]
[EventType "tourn"]
[EventRounds "9"]
[EventCountry "GER"]
[SourceTitle "EXT 2020"]
[Source "ChessBase"]
[SourceDate "2019.10.17"]
[SourceVersion "1"]
[SourceVersionDate "2019.10.17"]
[SourceQuality "1"]

1. d4 d6 2. c4 e5 3. Nf3 e4 4. Ng1 Nf6 5. Nc3 c6 6. Bg5 Bf5 7. e3 Nbd7 8. Nge2 Bg4 9. Nxe4 d5 10. Nd2 dxc4 11. Nxc4 Bb4+ 12. Nd2 Qa5 13. Bxf6 Nxf6 14. a3 Bd6 15. f3 Be6 16. Nc3 Qh5 17. f4 Qg6 18. Qb1 Ng4 19. Bd3 Qh6 20. Nf1 0-0 21. Qc2 Rfe8 22. g3 b5 23. 0-0-0 a5 24. h3 b4 25. Ne4 bxa3 26. Nxd6 a2 27. Kd2 Nf2 28. Nxe8 Rxe8 29. Rh2 Nxd1 30. Qxd1 Rb8 31. Ke1 Bb3 32. Bc2 Qg6 33. Bxb3 Rxb3 34. Rc2 Qxc2 35. Qxc2 a1Q+ 36. Qd1 Qxd1+ 37. Kxd1 Rxb2 38. Kc1 Rg2 39. Nd2 Rxg3 40. Nc4 a4 41. h4 Rg2 42. f5 Rh2 43. Ne5 a3 44. Kb1 Rxh4 0-1

[Event "SVR-ch MT-A"]
[Site "Heimbach Weis"]
[Date "2017.04.08"]
[Round "2"]
[White "Puth, Dieter"]
[Black "Pfrengle, Tim"]
[Result "1/2-1/2"]
[WhiteElo "2268"]
[BlackElo "2056"]
[PlyCount "89"]
[EventDate "2017.04.07"]
[EventType "tourn"]
[EventRounds "9"]
[EventCountry "GER"]
[SourceTitle "EXT 2020"]
[Source "ChessBase"]
[SourceDate "2019.10.17"]
[SourceVersion "1"]
[SourceVersionDate "2019.10.17"]
[SourceQuality "1"]

1. d4 d5 2. c4 e6 3. Nc3 Nf6 4. Nf3 dxc4 5. e4 Bb4 6. Bg5 c5 7. Bxc4 cxd4 8. Nxd4 Qa5 9. Bxf6 Bxc3+ 10. bxc3 gxf6 11. 0-0 0-0 12. f4 Kh8 13. Kh1 a6 14. Rf3 Qh5 15. Qf1 b5 16. Bd3 Bb7 17. f5 e5 18. Nb3 Nd7 19. a4 bxa4 20. Rxa4 Rac8 21. Bxa6 Ra8 22. Bb5 Rxa4 23. Bxa4 Bxe4 24. Bxd7 Bxf3 25. Qxf3 Qh4 26. g3 Qc4 27. Nd2 Qc7 28. Bc6 Rc8 29. Bd5 Qxc3 30. Qxc3 Rxc3 31. Ne4 Rc1+ 32. Kg2 Kg7 33. Nf2 Kf8 34. Bf3 Rc2 35. Kf1 Ke7 36. h4 Rc3 37. Ke2 Rc2+ 38. Ke3 Rc3+ 39. Nd3 Kd6 40. Kd2 Ra3 41. Be4 Ra1 42. Nf2 Kc5 43. Ke3 Re1+ 44. Kd3 Ra1 45. Ke3 1/2-1/2

[Event "Rheinland Pfalz op 8th"]
[Site "Reil an der Mosel"]
[Date "2016.05.28"]
[Round "6"]
[White "Schoen, Ralf"]
[Black "Puth, Dieter"]
[Result "1/2-1/2"]
[WhiteElo "2145"]
[BlackElo "2256"]
[PlyCount "37"]
[EventDate "2016.05.26"]
[EventType "swiss"]
[EventRounds "7"]
[EventCountry "GER"]
[SourceTitle "EXT 2018"]
[Source "ChessBase"]
[SourceDate "2017.10.13"]
[SourceVersion "1"]
[SourceVersionDate "2017.10.13"]
[SourceQuality "1"]

1. e4 e5 2. Nf3 Nc6 3. Bb5 a6 4. Ba4 Nf6 5. 0-0 b5 6. Bb3 Bc5 7. d3 d6 8. c3 0-0 9. Bc2 h6 10. b4 Ba7 11. a4 Bb7 12. Nbd2 d5 13. Ba3 Re8 14. Nb3 Nb8 15. Nfd2 Bc8 16. h3 c6 17. Re1 Nbd7 18. Nf1 Nf8 19. Bc1 1/2-1/2

[Event "SVR-ch MTA 38th"]
[Site "Nickenich"]
[Date "2015.04.04"]
[Round "9"]
[White "Schlick, Volker"]
[Black "Puth, Dieter"]
[Result "0-1"]
[WhiteElo "2332"]
[BlackElo "2173"]
[PlyCount "80"]
[EventDate "2015.03.27"]
[EventType "tourn"]
[EventRounds "9"]
[EventCountry "GER"]
[SourceTitle "EXT 2016"]
[Source "ChessBase"]
[SourceDate "2015.10.08"]
[SourceVersion "1"]
[SourceVersionDate "2015.10.08"]
[SourceQuality "1"]

1. e4 e5 2. Nf3 Nc6 3. Bb5 Nge7 4. c3 g6 5. d4 exd4 6. cxd4 Bg7 7. d5 a6 8. Be2 Ne5 9. Nxe5 Bxe5 10. Nc3 d6 11. 0-0 c5 12. a4 Bd7 13. Be3 0-0 14. Bh6 Re8 15. f4 Bd4+ 16. Kh1 f5 17. Bg5 Qc7 18. Ra3 Kg7 19. e5 dxe5 20. fxe5 Bxe5 21. Qd2 Nc8 22. d6 Qxd6 23. Nd5 Bc6 24. Bc4 Ne7 25. Rd3 Nxd5 26. Bxd5 Bd4 27. Bh6+ Kh8 28. Bxc6 bxc6 29. b4 Re4 30. Rd1 Rae8 31. bxc5 Qxc5 32. h3 Bf6 33. Rd6 Qxd6 34. Qxd6 Re1+ 35. Kh2 Be5+ 36. Qxe5+ R1xe5 37. Bg5 Rd5 38. Rb1 Kg8 39. Rb7 Rd6 40. a5 Rc8 0-1

[Event "SVR-ch MTA 38th"]
[Site "Nickenich"]
[Date "2015.03.29"]
[Round "3"]
[White "Puth, Dieter"]
[Black "Melnikov, Alexander"]
[Result "1-0"]
[WhiteElo "2173"]
[BlackElo "2122"]
[PlyCount "97"]
[EventDate "2015.03.27"]
[EventType "tourn"]
[EventRounds "9"]
[EventCountry "GER"]
[SourceTitle "EXT 2016"]
[Source "ChessBase"]
[SourceDate "2015.10.08"]
[SourceVersion "1"]
[SourceVersionDate "2015.10.08"]
[SourceQuality "1"]

1. d4 e6 2. Nf3 f5 3. g3 b6 4. Bg2 Bb7 5. 0-0 Nf6 6. c4 Be7 7. Nc3 0-0 8. b3 Na6 9. Bb2 Ne4 10. Rc1 Qe8 11. a3 Nxc3 12. Rxc3 c5 13. e3 Bf6 14. Rc2 Be4 15. Rd2 cxd4 16. exd4 d5 17. cxd5 exd5 18. Ne5 Bxg2 19. Kxg2 Nc7 20. Re1 Nb5 21. Qf3 Bxe5 22. Qxd5+ Qf7 23. dxe5 Qxd5+ 24. Rxd5 Nc7 25. Rd7 Ne6 26. Re3 Nc5 27. Rc7 Rfc8 28. Rxc8+ Rxc8 29. b4 Ne6 30. Rc3 Rd8 31. Bc1 Kf7 32. h4 Rd7 33. Be3 Nd8 34. f4 h5 35. Kf2 Ke7 36. Ke2 Rb7 37. a4 Kd7 38. Rd3+ Ke7 39. Rd6 Rc7 40. a5 Rc2+ 41. Kd3 Rg2 42. axb6 axb6 43. Bxb6 Rxg3+ 44. Kc4 Ne6 45. Bc5 Rg4 46. b5 Rxf4+ 47. Kd5 Nd8 48. Rf6+ Kd7 49. e6+ 1-0

[Event "SVR-ch MTA 38th"]
[Site "Nickenich"]
[Date "2015.03.27"]
[Round "1"]
[White "Puth, Dieter"]
[Black "Marquardt, Christian"]
[Result "1-0"]
[WhiteElo "2173"]
[BlackElo "2078"]
[PlyCount "101"]
[EventDate "2015.03.27"]
[EventType "tourn"]
[EventRounds "9"]
[EventCountry "GER"]
[SourceTitle "EXT 2016"]
[Source "ChessBase"]
[SourceDate "2015.10.08"]
[SourceVersion "1"]
[SourceVersionDate "2015.10.08"]
[SourceQuality "1"]

1. d4 Nf6 2. c4 c5 3. d5 b5 4. cxb5 a6 5. e3 g6 6. Nc3 Bg7 7. a4 0-0 8. Ra3 Bb7 9. e4 e6 10. Bc4 axb5 11. Bxb5 exd5 12. exd5 Na6 13. Nge2 Nb4 14. Bc4 d6 15. 0-0 Ng4 16. Bf4 Ne5 17. Bb5 h6 18. Be3 Ng4 19. Bc1 Qc7 20. h3 Nf6 21. Bc4 Nd7 22. b3 Rae8 23. Bb2 Nf6 24. Qd2 Ne4 25. Nxe4 Bxb2 26. Nxd6 Bxa3 27. Nxe8 Rxe8 28. Ra1 Bxd5 29. Rxa3 Qe5 30. Bxd5 Nxd5 31. Ra2 Nb4 32. Rb2 h5 33. Qc3 Qe7 34. Rd2 Kh7 35. Kh2 h4 36. Qc4 Qe5+ 37. Kh1 Qa1+ 38. Kh2 Qe5+ 39. Qf4 Qe7 40. Ng1 Qe5 41. Qxe5 Rxe5 42. Nf3 Re7 43. Nxh4 c4 44. bxc4 Re4 45. Nf3 Rxc4 46. Rd4 Rxd4 47. Nxd4 Kg7 48. f4 f5 49. g4 fxg4 50. hxg4 Kf6 51. g5+ 1-0

[Event "SVR-ch MTA 37th"]
[Site "Heimbach Weis"]
[Date "2014.04.13"]
[Round "4"]
[White "Gebhardt, Max"]
[Black "Puth, Dieter"]
[Result "0-1"]
[WhiteElo "2155"]
[BlackElo "2169"]
[PlyCount "78"]
[EventDate "2014.04.11"]
[EventType "tourn"]
[EventRounds "9"]
[EventCountry "GER"]
[SourceTitle "CBM 160 Extra"]
[Source "ChessBase"]
[SourceDate "2014.07.01"]
[SourceVersion "1"]
[SourceVersionDate "2014.07.01"]
[SourceQuality "1"]

1. d4 Nf6 2. Nf3 d5 3. c3 c5 4. e3 e6 5. Nbd2 Nc6 6. Bd3 Bd6 7. 0-0 0-0 8. dxc5 Bxc5 9. e4 Qc7 10. Qc2 h6 11. exd5 exd5 12. Nb3 Bb6 13. Bd2 Bg4 14. Nbd4 Rac8 15. Rac1 Qd6 16. Qb1 a6 17. h3 Nxd4 18. Nxd4 Bc7 19. f4 Bd7 20. Nf5 Bxf5 21. Bxf5 Rce8 22. Be1 Bb6+ 23. Kh1 Be3 24. Rd1 Bxf4 25. c4 Bg3 26. Bxg3 Qxg3 27. Rf3 Qe5 28. cxd5 Nxd5 29. Bc2 Ne3 30. Rg1 f5 31. Bb3+ Kh8 32. Qd3 f4 33. Bc2 Nf5 34. Rd1 g6 35. Qb3 Nd4 36. Qd3 Nxf3 37. Qxf3 Qg7 38. Ba4 Re3 39. Qxb7 Qxb7 0-1

[Event "SVR-ch MTA 37th"]
[Site "Heimbach Weis"]
[Date "2014.04.13"]
[Round "5"]
[White "Puth, Dieter"]
[Black "Schnur, Edmund"]
[Result "1-0"]
[WhiteElo "2169"]
[BlackElo "2195"]
[PlyCount "83"]
[EventDate "2014.04.11"]
[EventType "tourn"]
[EventRounds "9"]
[EventCountry "GER"]
[SourceTitle "CBM 160 Extra"]
[Source "ChessBase"]
[SourceDate "2014.07.01"]
[SourceVersion "1"]
[SourceVersionDate "2014.07.01"]
[SourceQuality "1"]

1. d4 d5 2. c4 e6 3. Nc3 Nf6 4. Bg5 c6 5. e3 Nbd7 6. Nf3 Be7 7. Rc1 0-0 8. Bd3 h6 9. Bh4 dxc4 10. Bxc4 Nd5 11. Bg3 N7f6 12. 0-0 Bd6 13. Re1 Bxg3 14. hxg3 Nxc3 15. bxc3 b6 16. e4 Bb7 17. Qe2 c5 18. Bd3 cxd4 19. cxd4 Rc8 20. Rcd1 Rc7 21. Qd2 Qd7 22. Qf4 Rfc8 23. d5 exd5 24. e5 Nh5 25. Qh4 g6 26. e6 Qe7 27. Qxe7 Rxe7 28. exf7+ Rxf7 29. Bxg6 Nf6 30. Bxf7+ Kxf7 31. Rc1 Ne4 32. Rxc8 Bxc8 33. Nd4 Ba6 34. g4 Bc4 35. a3 Kf6 36. f3 Nc5 37. Re8 b5 38. Kf2 a5 39. Rb8 Nd7 40. Rb7 Nc5 41. Rb6+ Kg7 42. Nxb5 1-0

[Event "SVR-ch MTA 37th"]
[Site "Heimbach Weis"]
[Date "2014.04.12"]
[Round "3"]
[White "Puth, Dieter"]
[Black "Reifenroether, Michael"]
[Result "1-0"]
[WhiteElo "2169"]
[BlackElo "2071"]
[PlyCount "21"]
[EventDate "2014.04.11"]
[EventType "tourn"]
[EventRounds "9"]
[EventCountry "GER"]
[SourceTitle "CBM 160 Extra"]
[Source "ChessBase"]
[SourceDate "2014.07.01"]
[SourceVersion "1"]
[SourceVersionDate "2014.07.01"]
[SourceQuality "1"]

1. d4 d5 2. c4 c6 3. Nc3 Nf6 4. Nf3 Bf5 5. cxd5 cxd5 6. Qb3 e6 7. Qxb7 Nbd7 8. Bf4 Be7 9. e3 0-0 10. Bc7 Qc8 11. Ba6 1-0

[Event "SVR-ch MAT-I 36th"]
[Site "Idar Oberstein"]
[Date "2013.03.29"]
[Round "6"]
[White "Segna, Ulrich"]
[Black "Puth, Dieter"]
[Result "0-1"]
[WhiteElo "2138"]
[BlackElo "2172"]
[PlyCount "88"]
[EventDate "2013.03.23"]
[EventType "tourn"]
[EventRounds "7"]
[EventCountry "GER"]
[SourceTitle "EXT 2014"]
[Source "ChessBase"]
[SourceDate "2013.11.20"]
[SourceVersion "1"]
[SourceVersionDate "2013.11.20"]
[SourceQuality "1"]

1. d4 Nf6 2. Nf3 g6 3. c4 Bg7 4. Nc3 d5 5. cxd5 Nxd5 6. e4 Nxc3 7. bxc3 c5 8. Rb1 0-0 9. Be2 b6 10. 0-0 Bb7 11. Qd3 Ba6 12. Qe3 Qd7 13. d5 Qa4 14. Rb3 Qxa2 15. c4 Qa4 16. Ra3 Qe8 17. e5 Bb7 18. Ng5 h6 19. Ne4 Nd7 20. f4 f5 21. exf6 Nxf6 22. Kh1 Nxe4 23. Qxe4 e6 24. Qxe6+ Qxe6 25. dxe6 Rf6 26. Bg4 h5 27. Bb2 hxg4 28. Bxf6 Bxf6 29. f5 gxf5 30. Rxf5 Rd8 31. Rf1 Rd2 32. Rg3 Rd4 33. h3 Bh4 34. Rxg4+ Rxg4 35. hxg4 Bc8 36. Ra1 Bxe6 37. Rxa7 Bxc4 38. g3 Bxg3 39. Kg2 Be5 40. Kf3 Bd5+ 41. Ke2 b5 42. Kd2 b4 43. Ra5 Bd4 44. Kd3 b3 0-1

[Event "SVR-ch MTA 35th"]
[Site "Nickenich"]
[Date "2012.04.07"]
[Round "9"]
[White "Thieme Garmann, Alexander"]
[Black "Puth, Dieter"]
[Result "0-1"]
[WhiteElo "2032"]
[BlackElo "2083"]
[PlyCount "62"]
[EventDate "2012.03.30"]
[EventType "tourn"]
[EventRounds "9"]
[EventCountry "GER"]
[SourceTitle "EXT 2013"]
[Source "ChessBase"]
[SourceDate "2012.11.22"]
[SourceVersion "1"]
[SourceVersionDate "2012.11.22"]
[SourceQuality "1"]

1. f4 Nf6 2. Nf3 g6 3. b4 Nd5 4. Bb2 f6 5. f5 Nxb4 6. e4 d5 7. a3 N4c6 8. Nc3 d4 9. Nd5 Bxf5 10. Nxc7+ Qxc7 11. exf5 Nd7 12. Qe2 Qf4 13. fxg6 hxg6 14. g3 Qd6 15. Bg2 0-0-0 16. 0-0-0 e5 17. Qc4 e4 18. Nxd4 Nb6 19. Qe6+ Qxe6 20. Nxe6 Re8 21. Ng5 Bxa3 22. Nxe4 Bxb2+ 23. Kxb2 Re6 24. d3 f5 25. Nc3 Kb8 26. Rdf1 Nd4 27. Rf2 Rc8 28. Ra1 Re5 29. Ra3 Rec5 30. Rf4 Rxc3 31. Rxd4 Rxc2+ 0-1

[Event "SVR-ch MTA 35th"]
[Site "Nickenich"]
[Date "2012.04.06"]
[Round "8"]
[White "Puth, Dieter"]
[Black "Reifenroether, Michael"]
[Result "1-0"]
[WhiteElo "2083"]
[BlackElo "2031"]
[PlyCount "35"]
[EventDate "2012.03.30"]
[EventType "tourn"]
[EventRounds "9"]
[EventCountry "GER"]
[SourceTitle "EXT 2013"]
[Source "ChessBase"]
[SourceDate "2012.11.22"]
[SourceVersion "1"]
[SourceVersionDate "2012.11.22"]
[SourceQuality "1"]

1. d4 c6 2. c4 d5 3. Nc3 Nf6 4. Nf3 e6 5. Bg5 Nbd7 6. e3 Qa5 7. Nd2 Bb4 8. Qc2 0-0 9. Be2 e5 10. dxe5 Ne4 11. Ncxe4 dxe4 12. Rd1 Nxe5 13. 0-0 Bxd2 14. Qxd2 Qxa2 15. Qc3 Qa6 16. Be7 Bg4 17. Bxg4 Nxg4 18. Bxf8 1-0

[Event "SVR-ch MTA 35th"]
[Site "Nickenich"]
[Date "2012.03.31"]
[Round "2"]
[White "Barzen, Pascal"]
[Black "Puth, Dieter"]
[Result "1-0"]
[WhiteElo "2036"]
[BlackElo "2083"]
[PlyCount "95"]
[EventDate "2012.03.30"]
[EventType "tourn"]
[EventRounds "9"]
[EventCountry "GER"]
[SourceTitle "EXT 2013"]
[Source "ChessBase"]
[SourceDate "2012.11.22"]
[SourceVersion "1"]
[SourceVersionDate "2012.11.22"]
[SourceQuality "1"]

1. e4 c5 2. Nc3 Nc6 3. g3 g6 4. Bg2 Bg7 5. d3 d6 6. Be3 e6 7. f4 Nge7 8. Nf3 Nd4 9. 0-0 0-0 10. e5 Nef5 11. Bf2 Nxf3+ 12. Qxf3 Nd4 13. Qd1 dxe5 14. fxe5 Bxe5 15. Ne4 f5 16. Nxc5 Qc7 17. b4 f4 18. gxf4 Rxf4 19. c3 Nf5 20. d4 Rxf2 21. Rxf2 Bxh2+ 22. Kh1 Bg3 23. Rf3 Qe7 24. Qd3 Qh4+ 25. Kg1 Qh2+ 26. Kf1 b6 27. Ne4 Bb7 28. Rxf5 exf5 29. Qxg3 Qxg3 30. Nxg3 Bxg2+ 31. Kxg2 Rc8 32. Rc1 h5 33. Kf3 Kf7 34. c4 Kf6 35. c5 bxc5 36. dxc5 h4 37. Ne2 g5 38. c6 a6 39. Rc5 h3 40. Kg3 Ke7 41. Kxh3 Rb8 42. c7 Rc8 43. Nd4 Kd7 44. Nxf5 Rxc7 45. Rxc7+ Kxc7 46. a4 Kc6 47. Nd4+ Kd5 48. b5 1-0